Estadísticas para Países más cercanos a Vietnam - 1 Minuto de Sprint

Haz click aquí para intentar la prueba.

Estadísticas generales

  • Esta prueba ha sido intentada 69 veces
  • La puntuación promedio es 16 de 20

Estadísticas de respuestas

kmpaís% Correcto
0Laos
98%
0China
96%
600Indonesia
95%
0Camboya
93%
945Filipinas
89%
390Malasia
89%
104Tailandia
89%
725India
88%
126Myanmar
88%
1131Bután
84%
1558Japón
82%
1088Taiwán
81%
805Singapur
79%
1492Nepal
75%
985Bangladés
74%
2221Corea del Sur
74%
2405Corea del Norte
68%
956Brunéi
65%
2026Mongolia
60%
2439Sri Lanka
58%

Distribución de puntuación

Porcentaje por número respondido

Porcentaje de gente con cada puntuación

Historial de tus puntuaciones

No has intentado esta prueba.